Portuguese Speaking Cities Map Quiz - Statistics

General Stats
  • This quiz has been taken 720 times
  • The average score is 18 of 26
Answers on the Map
Answers color-coded by a green-red scale on the quiz's map according to % correct below.
 
Answer Stats
Answer % Correct
Lisbon
95%
Porto
90%
Brasília
89%
São Tomé
87%
Bissau
86%
Rio de Janeiro
85%
Luanda
84%
Maputo
84%
São Paulo
84%
Manaus
83%
Praia
77%
Belém
76%
Belo Horizonte
76%
Díli
76%
Porto Alegre
75%
Faro
73%
Fortaleza
72%
Salvador
68%
Cabinda
61%
Coimbra
61%
Boa Vista
45%
Pemba
35%
Lobito
32%
Beira
29%
Mindelo
24%
Baucau
23%
No matching quizzes found
Score Distribution
Percent of People with Each Score
Percentile by Number Answered
Your Score History
You have not taken this quiz